MDQL
is popping MORE tags! Check the
thread
!
Quizzes
Events
Quiz Creation
Community
Videos
Private Events
Remove Ads
Sign In
Join for FREE
Feedback
Dark Mode
Quiz Categories
Sports
Geography
Music
Movies
Television
Just For Fun
Miscellaneous
History
Literature
Language
Science
Gaming
Entertainment
Religion
Holiday
For Kids
Quiz Lab
Recent
Popular Today
Quiz Kudos Today
Editor Picks
Curator Picks
Quizzes by...
Day
Popularity
Type
Ratings
Length
Year
Community
Subscriptions
Recent Discussions
Orange Saloon
Badges
Playlists
Quests
Create
Leaderboards
Showdown
Live 5
Trivia Bingo
Activity
Puzzle Library
Sporcle Events
Private Events
Virtual Trivia
Globe League
Become a Host
Pub Owners
SporcleCon
Opinionation
Our Games
Videos
Blog
Mobile Apps
Partnerships
Remove Ads and Go Orange
Feedback
Geography
Country
Landmarks
City
State
Population
World
Capital
Continent
Flags
Europe
Africa
Asia
South America
North America
Oceania
Border
Canada
United Kingdom
Topography
United States
Geography
Country
Landmarks
City
State
Population
World
Capital
Continent
Flags
Europe
Africa
Asia
South America
North America
Oceania
Border
Canada
United Kingdom
Topography
United States
Random Quiz
Search Sporcle
×
Quiz Lab
Quiz Lab
Geography
Country
Type in answers that appear in a list
Type in answers that appear in a list
Classic
Best Score? Go Orange.
Where's that located? Stats
Can you name the Cities by their Landmarks?
By
Statetravelr
6m
30 Questions
822 Plays
822 Plays
822 Plays
Comments
Comments
Give Quiz Kudos
Give Quiz Kudos
-
- Ratings
hide this ad
Forced Order
Answers have to be entered in order
Answers have to be entered in order
Replay
Link that replays current quiz
Next Quiz
Link to next quiz in quiz playlist
You Got
0%
They Got
Avg Score
64%
Avg Friend Score
Upgrade to see
Score Distribution
Jump to the score distribution portion of the page
Score
0/30
Timer
06:00
0
Plays Today
Landmark
City
% Correct
Eiffel Tower
Paris
99.9%
Big Ben
London
98.8%
Sydney Opera House
Sydney
94%
The Colosseum
Rome
91.6%
Times Square
New York
90.9%
Golden Gate Bridge
San Francisco
88.9%
Lincoln Memorial
Washington D.C.
87.1%
The Sphinx
Cairo
84.2%
N Seoul Tower
Seoul
82.2%
The Kremlin
Moscow
79%
The Acropolis
Athens
78.3%
Portuguese National Library
Lisbon
77.5%
Brandenburg Gate
Berlin
76%
Tiananmen Square
Beijing
65.5%
St. Patrick's Cathedral
Dublin
64.7%
Landmark
City
% Correct
Austrian Parliament Building
Vienna
63.9%
Daytona Speedway
Daytona Beach
62%
Gateway Arch
St. Louis
61.2%
CN Tower
Toronto
60%
St. Peter's Basilica
Vatican City
59.9%
Wrigley Field
Chicago
56.2%
Ho Chi Minh Mausoleum
Hanoi
48.7%
Dome of the Rock
Jerusalem
44.8%
Bridge of the Americas
Panama City
42.3%
Sponza Palace
Dubrovnik
38.9%
Plaza de la Constitucion
Mexico City
38%
Sumava National Park
Vimperk
26.3%
Horseshoe Falls
Niagara Falls
25.8%
Faneuil Hall
Boston
25.7%
Lake Bled
Bled
12.2%
Quiz Playlist
Details
Report
Send in Message
Add To Playlist
Classic:
Type in answers that appear in a list
Forced Order:
Answers have to be entered in order
Last Updated: Sep 3, 2017
Quiz Scoreboard
CHALLENGE
Sign Up to Join the Scoreboard
Show All
Scores
Hide
Comments
May contain spoilers
Recently Published
Holiday 10x10 Sorting Gallery
by lukepisani3
Holiday
15m
Two Season TV Shows II
by 123Four
Television
10m
Image Sorting: Flags VI
by Barbecue
Geography
2m
More to Explore
Quiz From the Vault
Featured Blog Post
14 Easter Pick-up Lines to Find Eggs With
hide this ad
You Might Also Like...
Tags
City Quiz
Country Quiz
Landmarks Quiz
location
Today's Top Quizzes in Geography
Browse Geography
hide this ad
Today's Top Quizzes in Country
Browse Country
Top Contributed Quizzes in Geography
1
Colored Red Europe Blitz I
2
Countries of the World - No Outlines Minefield
3
Colored Red Africa Blitz II
4
Colored Red Europe Blitz II
5
Colored Red Europe Blitz III
6
Colored Red Africa Blitz III
7
Colored Red States Blitz I
8
A Different View: World Oceans
9
Colored Red States Blitz II
10
Colored Red States Blitz III
Explore More
Trending Topics
Marvel
Disney
NBA
Kpop
Anime
Crossword
Harry Potter
Country
NFL
Song
WWE
Pokémon
Puzzle
The Office
Soccer
hide this ad
More By:
Statetravelr
Quiz
Plays
Rating
Category
Featured
Created
Clickable Countries by Continent
4,677,775
3.73
Geography
Jan 9, 2013
Current US Governors
897
4.00
History
Feb 21, 2011
Where's that located?
822
2.35
Geography
Feb 9, 2011
Current US Governors (clickable)
580
3.00
History
May 22, 2012
Least Known World Capitals
490
3.57
Geography
Dec 16, 2011
Go to Creator's Profile
Score Distribution
Quiz Creator Spotlight
Statetravelr
Follow
Send a Message
Quizzes Created
-
Created Quiz Play Count
-
More By This Creator
Popular Quizzes Today
1
Find the US States - No Outlines Minefield
2
Colored Red Africa Blitz
3
Find the 'City' Movie
4
The Countries of the World
5
Find the US States
6
5x2 Blitz: Bands
7
Find the Countries of Europe - No Outlines Minefield
8
US States
More Geography Quizzes
France or US Capital?
Published
Trending Quizzes
Colored Red Europe Blitz I
Colored Red Europe Blitz II
Colored Red Africa Blitz II
Colored Red Africa Blitz III
Colored Red Europe Blitz III
Recently Updated
Odd Team Out - Big 4 Players
pecheneg
Quick Pick: 20 Twenties
pecheneg
March Madness Men's Triple Doubles
pecheneg
How Do You Spell That?
pecheneg
Godzilla Movies
pecheneg
Grab Bag: 4-10 Letters
pecheneg
2024 March Madness Bracket
pecheneg
Famous TV Couples
Peacemaker
Champions League XIs: Real Madrid
pecheneg
Largest US Cities 1790-2010
pecheneg
Trending Topics
Crossword
Harry Potter
Anime
NBA
Marvel
Kpop
Disney
The Office
Soccer
Puzzle
Song
Pokémon
WWE
Country
NFL
Your Account Isn't Verified!
In order to create a playlist on Sporcle, you need to verify the email address you used during registration. Go to your
Sporcle Settings
to finish the process.
Report this User
Report this user for behavior that violates our
Community Guidelines
.
Details:
Send Report
Go to the Sporcle.com Mobile Site →
Comments